000 00337 a2200157 4500
001 153388
040 _cEscola São Tomás de Aquino
100 _aJAF, Ivan
240 1 0 _aGuerra é guerra
_lpor
245 1 0 _aGuerra é guerra
300 _a176
362 0 _a2013
440 1 _aÁtica
697 _a*LITERATURA JUVENIL
942 _cBK
999 _c153388
_d153388